[Event "MCR muzu 2023"]
[Site "?"]
[Date "2023.05.12"]
[Round "4.2"]
[White "Finek, Vaclav"]
[Black "Navara, David"]
[Result "0-1"]
[BlackElo "2678"]
[WhiteElo "2410"]
[LiveChessVersion "1.4.8"]

1. d4 {[%clk 1:30:53]} d5 {[%clk 1:30:55]} 2. Nf3 {[%clk 1:31:12]} Nf6
{[%clk 1:31:19]} 3. g3 {[%clk 1:31:38]} c5 {[%clk 1:31:44]} 4. Bg2
{[%clk 1:32:02]} cxd4 {[%clk 1:32:07]} 5. O-O {[%clk 1:32:27]} h6
{[%clk 1:32:32]} 6. b3 {[%clk 1:32:52]} Bg4 {[%clk 1:23:02]} 7. Bb2
{[%clk 1:14:12]} Bxf3 {[%clk 1:21:00]} 8. exf3 {[%clk 1:14:18]} Nc6
{[%clk 1:20:10]} 9. Bxd4 {[%clk 1:09:18]} e6 {[%clk 1:20:27]} 10. f4
{[%clk 1:07:26]} Nxd4 {[%clk 1:15:45]} 11. Qxd4 {[%clk 1:07:48]} Rc8
{[%clk 1:11:20]} 12. Qxa7 {[%clk 0:50:03]} Rxc2 {[%clk 1:10:59]} 13. b4
{[%clk 0:44:43]} Qc8 {[%clk 1:03:17]} 14. Na3 {[%clk 0:41:28]} Rc6
{[%clk 1:01:50]} 15. Rab1 {[%clk 0:28:51]} Be7 {[%clk 1:00:20]} 16. Nb5
{[%clk 0:28:36]} O-O {[%clk 0:59:29]} 17. Qe3 {[%clk 0:26:21]} Rc2
{[%clk 0:51:29]} 18. Qb3 {[%clk 0:22:27]} Rc4 {[%clk 0:50:56]} 19. Qd3
{[%clk 0:16:34]} Bxb4 {[%clk 0:49:23]} 20. Nd4 {[%clk 0:14:13]} Ne4
{[%clk 0:45:45]} 21. Nb3 {[%clk 0:13:19]} Qa8 {[%clk 0:39:12]} 22. Rb2
{[%clk 0:12:08]} b5 {[%clk 0:35:58]} 23. Na1 {[%clk 0:09:13]} Nd6
{[%clk 0:29:34]} 24. Re2 {[%clk 0:08:53]} Rfc8 {[%clk 0:28:17]} 25. h3
{[%clk 0:07:27]} Rc3 {[%clk 0:26:45]} 26. Qb1 {[%clk 0:07:24]} Bc5
{[%clk 0:26:20]} 27. Kh2 {[%clk 0:07:32]} b4 {[%clk 0:19:37]} 28. Nb3
{[%clk 0:06:30]} Bb6 {[%clk 0:16:39]} 29. Rd1 {[%clk 0:05:46]} Qa7
{[%clk 0:13:49]} 30. Rf1 {[%clk 0:05:42]} Qa6 {[%clk 0:12:13]} 31. Rfe1
{[%clk 0:05:30]} Qd3 {[%clk 0:10:24]} 32. Qxd3 {[%clk 0:05:15]} Rxd3
{[%clk 0:10:49]} 33. Rc1 {[%clk 0:04:35]} Rdc3 {[%clk 0:08:20]} 34. Rd1
{[%clk 0:04:10]} g6 {[%clk 0:08:33]} 35. h4 {[%clk 0:04:17]} Rc2 {[%clk 0:03:13]}
36. Rdd2 {[%clk 0:04:43]} Rxd2 {[%clk 0:03:12]} 37. Rxd2 {[%clk 0:05:07]} Rc3
{[%clk 0:02:54]} 38. Re2 {[%clk 0:03:06]} Kf8 {[%clk 0:02:38]} 39. Bf1
{[%clk 0:02:08]} Ne4 {[%clk 0:02:40]} 40. Kg2 {[%clk 0:02:29]} h5
{[%clk 0:01:38]} 41. Rb2 {[%clk 0:02:01]} Bxf2 {[%clk 0:01:41]} 42. Rxf2
{[%clk 0:02:24]} Rxg3+ {[%clk 0:02:04]} 0-1

[Event "MCR muzu 2023"]
[Site "?"]
[Date "2023.05.12"]
[Round "4.3"]
[White "Simacek, Pavel"]
[Black "Kraus, Tomas"]
[Result "1/2-1/2"]
[BlackElo "2473"]
[WhiteElo "2466"]
[LiveChessVersion "1.4.8"]

1. d4 {[%clk 1:30:53]} d5 {[%clk 1:30:24]} 2. c4 {[%clk 1:30:44]} e6
{[%clk 1:30:13]} 3. cxd5 {[%clk 1:30:50]} exd5 {[%clk 1:30:36]} 4. Nc3
{[%clk 1:31:14]} c5 {[%clk 1:29:09]} 5. Nf3 {[%clk 1:30:24]} Nf6 {[%clk 1:28:39]}
6. g3 {[%clk 1:28:09]} Nc6 {[%clk 1:28:39]} 7. Bg2 {[%clk 1:28:34]} cxd4
{[%clk 1:28:57]} 8. Nxd4 {[%clk 1:28:37]} Bc5 {[%clk 1:29:19]} 9. Nb3
{[%clk 1:28:25]} Bb6 {[%clk 1:29:43]} 10. O-O {[%clk 1:27:34]} d4
{[%clk 1:29:46]} 11. Na4 {[%clk 1:27:54]} O-O {[%clk 1:29:54]} 12. Bg5
{[%clk 1:27:40]} h6 {[%clk 1:29:48]} 13. Bxf6 {[%clk 1:27:49]} Qxf6
{[%clk 1:30:13]} 14. Nxb6 {[%clk 1:27:57]} axb6 {[%clk 1:30:38]} 15. Bxc6
{[%clk 1:28:18]} bxc6 {[%clk 1:31:03]} 16. Qxd4 {[%clk 1:28:37]} Rd8
{[%clk 1:31:29]} 17. Qxf6 {[%clk 1:15:20]} gxf6 {[%clk 1:31:46]} 18. Rfd1
{[%clk 1:15:31]} Rxd1+ {[%clk 1:31:22]} 19. Rxd1 {[%clk 1:15:58]} Be6
{[%clk 1:31:38]} 20. Nc1 {[%clk 1:16:23]} Bxa2 {[%clk 1:31:49]} 21. Nxa2
{[%clk 1:16:43]} Rxa2 {[%clk 1:32:14]} 22. Rd6 {[%clk 1:17:10]} Rxb2
{[%clk 1:31:26]} 23. Rxc6 {[%clk 1:17:36]} Kg7 {[%clk 1:30:57]} 24. Kg2
{[%clk 1:17:19]} Rxe2 {[%clk 1:31:20]} 25. Rxb6 {[%clk 1:17:46]} Ra2
{[%clk 1:31:42]} 26. Rb7 {[%clk 1:18:12]} Rc2 {[%clk 1:32:06]} 27. Ra7
{[%clk 1:18:39]} Rb2 {[%clk 1:32:31]} 28. Ra6 {[%clk 1:19:06]} Rc2
{[%clk 1:32:55]} 29. Rb6 {[%clk 1:19:33]} Ra2 {[%clk 1:33:21]} 30. Rb7
{[%clk 1:20:01]} Rc2 {[%clk 1:33:46]} 1/2-1/2

[Event "MCR muzu 2023"]
[Site "?"]
[Date "2023.05.12"]
[Round "4.4"]
[White "Krejci, Jan"]
[Black "Babula, Vlastimil"]
[Result "1/2-1/2"]
[BlackElo "2533"]
[WhiteElo "2517"]
[LiveChessVersion "1.4.8"]

1. Nf3 {[%clk 1:30:56]} c5 {[%clk 1:30:48]} 2. c4 {[%clk 1:31:17]} Nc6
{[%clk 1:31:02]} 3. d4 {[%clk 1:31:42]} cxd4 {[%clk 1:31:22]} 4. Nxd4
{[%clk 1:32:08]} Nf6 {[%clk 1:31:39]} 5. Nc3 {[%clk 1:32:33]} e6 {[%clk 1:31:48]}
6. Bf4 {[%clk 1:32:18]} d5 {[%clk 1:29:00]} 7. e3 {[%clk 1:32:42]} Bb4
{[%clk 1:22:04]} 8. Be2 {[%clk 1:33:06]} dxc4 {[%clk 1:20:41]} 9. Nxc6
{[%clk 1:33:10]} Qxd1+ {[%clk 1:20:51]} 10. Rxd1 {[%clk 1:33:37]} bxc6
{[%clk 1:21:10]} 11. Bxc4 {[%clk 1:34:03]} Nd5 {[%clk 1:19:57]} 12. O-O
{[%clk 1:34:26]} Nxc3 {[%clk 1:19:15]} 13. bxc3 {[%clk 1:34:34]} Bxc3
{[%clk 1:19:26]} 14. Bd6 {[%clk 1:20:27]} Ba5 {[%clk 1:18:09]} 15. Rb1
{[%clk 1:09:23]} Bb6 {[%clk 1:04:01]} 16. a4 {[%clk 1:08:39]} f6 {[%clk 0:49:22]}
17. Be2 {[%clk 1:00:07]} Kf7 {[%clk 0:45:37]} 18. Rfd1 {[%clk 0:41:38]} e5
{[%clk 0:40:58]} 19. a5 {[%clk 0:37:23]} Bxa5 {[%clk 0:39:56]} 20. Bh5+
{[%clk 0:37:47]} Ke6 {[%clk 0:33:26]} 21. Bf3 {[%clk 0:36:51]} e4
{[%clk 0:29:51]} 22. Bxe4 {[%clk 0:36:47]} Ba6 {[%clk 0:29:27]} 23. Bc2
{[%clk 0:17:46]} Bb6 {[%clk 0:22:57]} 24. Rb4 {[%clk 0:16:37]} Rhd8
{[%clk 0:13:04]} 25. Re4+ {[%clk 0:16:43]} Kf7 {[%clk 0:13:00]} 26. Bb3+
{[%clk 0:16:10]} Kg6 {[%clk 0:13:25]} 27. Rg4+ {[%clk 0:10:48]} Kh6
{[%clk 0:13:32]} 28. Rh4+ {[%clk 0:10:50]} Kg6 {[%clk 0:13:51]} 29. Rg4+
{[%clk 0:10:03]} Kh6 {[%clk 0:14:15]} 30. Rh4+ {[%clk 0:03:57]} Kg6
{[%clk 0:14:41]} 31. Rg4+ {[%clk 0:03:12]} 1/2-1/2

[Event "MCR muzu 2023"]
[Site "?"]
[Date "2023.05.12"]
[Round "4.5"]
[White "Petr, Martin"]
[Black "Stocek, Jiri"]
[Result "1/2-1/2"]
[BlackElo "2525"]
[WhiteElo "2478"]
[LiveChessVersion "1.4.8"]

1. Nf3 {[%clk 1:30:49]} d6 {[%clk 1:30:39]} 2. d4 {[%clk 1:31:13]} Nf6
{[%clk 1:30:55]} 3. g3 {[%clk 1:31:34]} g6 {[%clk 1:29:44]} 4. Bg2
{[%clk 1:30:37]} Bg7 {[%clk 1:30:08]} 5. c4 {[%clk 1:29:46]} O-O {[%clk 1:29:10]}
6. O-O {[%clk 1:29:51]} Nbd7 {[%clk 1:28:55]} 7. Nc3 {[%clk 1:30:14]} e5
{[%clk 1:29:20]} 8. e4 {[%clk 1:30:40]} c6 {[%clk 1:29:41]} 9. h3
{[%clk 1:25:09]} Qb6 {[%clk 1:29:46]} 10. dxe5 {[%clk 1:21:55]} dxe5
{[%clk 1:27:20]} 11. Qc2 {[%clk 1:22:11]} Re8 {[%clk 1:23:57]} 12. Be3
{[%clk 1:18:55]} Qc7 {[%clk 1:24:03]} 13. Rfd1 {[%clk 1:17:29]} Bf8
{[%clk 1:22:17]} 14. Na4 {[%clk 1:09:54]} b6 {[%clk 1:17:14]} 15. a3
{[%clk 1:04:49]} Bb7 {[%clk 1:14:47]} 16. Nd2 {[%clk 0:57:38]} Be7
{[%clk 1:07:29]} 17. b4 {[%clk 0:56:41]} h5 {[%clk 1:03:27]} 18. c5
{[%clk 0:49:51]} Ba6 {[%clk 0:54:05]} 19. Rac1 {[%clk 0:45:50]} Rac8
{[%clk 0:44:15]} 20. Nb3 {[%clk 0:44:12]} Bb5 {[%clk 0:42:18]} 21. Nb2
{[%clk 0:44:23]} bxc5 {[%clk 0:39:25]} 22. Nxc5 {[%clk 0:42:53]} Nxc5
{[%clk 0:39:07]} 23. Bxc5 {[%clk 0:43:17]} h4 {[%clk 0:36:15]} 24. Bxe7
{[%clk 0:36:02]} Qxe7 {[%clk 0:35:51]} 25. Qc5 {[%clk 0:36:24]} Qb7
{[%clk 0:24:34]} 26. Nc4 {[%clk 0:27:31]} Bxc4 {[%clk 0:24:07]} 27. Qxc4
{[%clk 0:27:53]} Re6 {[%clk 0:21:33]} 28. gxh4 {[%clk 0:22:30]} Kg7
{[%clk 0:19:49]} 29. b5 {[%clk 0:19:31]} Ne8 {[%clk 0:10:20]} 30. Bf3
{[%clk 0:15:55]} Rc7 {[%clk 0:10:07]} 31. a4 {[%clk 0:14:18]} cxb5
{[%clk 0:06:28]} 32. Qxb5 {[%clk 0:14:45]} Qxb5 {[%clk 0:06:03]} 33. axb5
{[%clk 0:15:13]} Rb6 {[%clk 0:04:44]} 34. Be2 {[%clk 0:14:37]} Rxc1
{[%clk 0:04:42]} 35. Rxc1 {[%clk 0:15:05]} Nd6 {[%clk 0:05:04]} 36. Rc5
{[%clk 0:14:01]} Kf6 {[%clk 0:05:28]} 37. f4 {[%clk 0:08:02]} Nxe4
{[%clk 0:05:15]} 38. fxe5+ {[%clk 0:08:28]} Kf5 {[%clk 0:02:15]} 39. Bd3
{[%clk 0:08:07]} Re6 {[%clk 0:02:40]} 40. Rc7 {[%clk 0:04:48]} Kxe5
{[%clk 0:02:36]} 41. Rxf7 {[%clk 0:02:38]} Kd4 {[%clk 0:16:47]} 42. Bf1
{[%clk 0:24:46]} Ng3 {[%clk 0:11:23]} 43. Rxa7 {[%clk 0:24:25]} Nxf1
{[%clk 0:10:23]} 44. Kxf1 {[%clk 0:24:27]} Rb6 {[%clk 0:08:55]} 45. Rg7
{[%clk 0:19:36]} Ke5 {[%clk 0:05:26]} 46. h5 {[%clk 0:18:36]} Rxb5
{[%clk 0:05:49]} 47. Rxg6 {[%clk 0:18:03]} Kf4 {[%clk 0:05:02]} 48. h6
{[%clk 0:17:05]} Rh5 {[%clk 0:04:11]} 49. Kg2 {[%clk 0:17:11]} Kf5
{[%clk 0:04:22]} 50. Ra6 {[%clk 0:15:46]} Kg5 {[%clk 0:04:08]} 51. Kg3
{[%clk 0:16:08]} Rxh6 {[%clk 0:04:24]} 52. h4+ {[%clk 0:16:31]} Kh5
{[%clk 0:04:50]} 53. Ra5+ {[%clk 0:16:46]} Kg6 {[%clk 0:05:17]} 54. Kg4
{[%clk 0:17:10]} Kg7 {[%clk 0:05:36]} 55. Ra7+ {[%clk 0:17:34]} Kg8
{[%clk 0:06:00]} 56. h5 {[%clk 0:17:57]} 1/2-1/2

[Event "MCR muzu 2023"]
[Site "?"]
[Date "2023.05.13"]
[Round "5.1"]
[White "Stocek, Jiri"]
[Black "Plat, Vojtech"]
[Result "1/2-1/2"]
[BlackElo "2535"]
[WhiteElo "2525"]
[LiveChessVersion "1.4.8"]

1. d4 {[%clk 1:29:07]} g6 {[%clk 1:30:45]} 2. c4 {[%clk 1:26:10]} Nf6
{[%clk 1:29:08]} 3. Nc3 {[%clk 1:26:13]} d5 {[%clk 1:29:33]} 4. Nf3
{[%clk 1:25:44]} Bg7 {[%clk 1:29:58]} 5. cxd5 {[%clk 1:24:56]} Nxd5
{[%clk 1:30:15]} 6. e4 {[%clk 1:25:20]} Nxc3 {[%clk 1:30:41]} 7. bxc3
{[%clk 1:25:45]} c5 {[%clk 1:31:07]} 8. Be3 {[%clk 1:25:07]} Nc6 {[%clk 1:31:30]}
9. Rc1 {[%clk 1:24:12]} Qa5 {[%clk 1:30:29]} 10. d5 {[%clk 1:20:41]} Ne5
{[%clk 1:30:46]} 11. Nxe5 {[%clk 1:18:49]} Bxe5 {[%clk 1:31:11]} 12. Qd2
{[%clk 1:16:47]} O-O {[%clk 1:31:34]} 13. Be2 {[%clk 1:15:20]} Bd7
{[%clk 1:22:54]} 14. O-O {[%clk 1:11:08]} Bg7 {[%clk 1:22:01]} 15. f4
{[%clk 1:08:35]} Rad8 {[%clk 1:19:19]} 16. e5 {[%clk 1:00:49]} f6
{[%clk 1:09:20]} 17. d6 {[%clk 0:38:20]} Be6 {[%clk 1:07:56]} 18. Bf3
{[%clk 0:37:57]} c4 {[%clk 0:58:07]} 19. Qf2 {[%clk 0:27:51]} exd6
{[%clk 0:57:04]} 20. Bxa7 {[%clk 0:28:03]} fxe5 {[%clk 0:53:36]} 21. Bb6
{[%clk 0:28:15]} Qa8 {[%clk 0:54:00]} 22. Bxd8 {[%clk 0:27:24]} Qxd8
{[%clk 0:54:23]} 23. fxe5 {[%clk 0:24:03]} Bxe5 {[%clk 0:54:45]} 24. Qd2
{[%clk 0:21:25]} Bf4 {[%clk 0:50:22]} 25. Qe2 {[%clk 0:21:39]} Bf7
{[%clk 0:49:24]} 26. Rcd1 {[%clk 0:17:10]} d5 {[%clk 0:37:54]} 27. Rfe1
{[%clk 0:13:31]} b5 {[%clk 0:36:24]} 28. g3 {[%clk 0:12:35]} Bh6 {[%clk 0:35:19]}
29. a3 {[%clk 0:09:43]} Bg7 {[%clk 0:29:30]} 30. Qd2 {[%clk 0:09:31]} Qb6+
{[%clk 0:27:52]} 31. Kg2 {[%clk 0:09:40]} Rd8 {[%clk 0:28:17]} 32. Qe3
{[%clk 0:05:02]} Qd6 {[%clk 0:25:48]} 33. Qa7 {[%clk 0:03:14]} Bf6
{[%clk 0:25:01]} 34. Qa5 {[%clk 0:03:10]} b4 {[%clk 0:23:27]} 35. Qxb4
{[%clk 0:02:57]} Qxb4 {[%clk 0:23:51]} 36. cxb4 {[%clk 0:03:25]} Bb2
{[%clk 0:22:06]} 37. Rb1 {[%clk 0:03:27]} Bf6 {[%clk 0:16:29]} 38. b5
{[%clk 0:03:27]} c3 {[%clk 0:16:54]} 39. b6 {[%clk 0:03:39]} Bg5 {[%clk 0:16:49]}
40. b7 {[%clk 0:03:36]} Rb8 {[%clk 0:17:14]} 41. Re2 {[%clk 0:20:00]} d4
{[%clk 0:46:13]} 1/2-1/2

[Event "MCR muzu 2023"]
[Site "?"]
[Date "2023.05.13"]
[Round "5.2"]
[White "Babula, Vlastimil"]
[Black "Petr, Martin"]
[Result "1/2-1/2"]
[BlackElo "2478"]
[WhiteElo "2533"]
[LiveChessVersion "1.4.8"]

1. d4 {[%clk 1:30:55]} d5 {[%clk 1:30:50]} 2. c4 {[%clk 1:31:13]} e6
{[%clk 1:31:15]} 3. Nc3 {[%clk 1:31:22]} Be7 {[%clk 1:31:37]} 4. Nf3
{[%clk 1:31:15]} Nf6 {[%clk 1:32:00]} 5. Bf4 {[%clk 1:31:22]} O-O
{[%clk 1:32:22]} 6. e3 {[%clk 1:31:34]} b6 {[%clk 1:32:46]} 7. Bd3
{[%clk 1:31:13]} Ba6 {[%clk 1:31:41]} 8. cxd5 {[%clk 1:29:37]} Nxd5
{[%clk 1:31:10]} 9. Nxd5 {[%clk 1:29:10]} Qxd5 {[%clk 1:31:25]} 10. O-O
{[%clk 1:28:43]} c5 {[%clk 1:10:38]} 11. e4 {[%clk 1:23:21]} Qb7 {[%clk 1:02:45]}
12. d5 {[%clk 1:20:32]} exd5 {[%clk 0:58:57]} 13. exd5 {[%clk 1:20:23]} Nd7
{[%clk 0:58:58]} 14. d6 {[%clk 1:04:55]} Bf6 {[%clk 0:59:12]} 15. Ng5
{[%clk 1:04:09]} Bxd3 {[%clk 0:42:53]} 16. Qxd3 {[%clk 1:03:04]} Bxg5
{[%clk 0:43:17]} 17. Bxg5 {[%clk 1:03:22]} Ne5 {[%clk 0:43:03]} 18. Qg3
{[%clk 0:39:58]} f6 {[%clk 0:43:17]} 19. Rfe1 {[%clk 0:36:31]} Ng6
{[%clk 0:35:42]} 20. Be3 {[%clk 0:35:08]} Rad8 {[%clk 0:35:28]} 21. Rad1
{[%clk 0:34:45]} Qc6 {[%clk 0:29:20]} 22. h4 {[%clk 0:20:50]} Rf7
{[%clk 0:26:33]} 23. h5 {[%clk 0:20:03]} Ne5 {[%clk 0:26:06]} 24. Bf4
{[%clk 0:16:20]} Rxd6 {[%clk 0:26:12]} 25. Rxd6 {[%clk 0:14:10]} Qxd6
{[%clk 0:26:30]} 26. Bxe5 {[%clk 0:14:15]} fxe5 {[%clk 0:26:53]} 27. Rxe5
{[%clk 0:14:26]} Rf8 {[%clk 0:22:23]} 28. Qb3+ {[%clk 0:10:34]} Kh8
{[%clk 0:22:47]} 29. Qe3 {[%clk 0:09:32]} h6 {[%clk 0:22:34]} 30. g3
{[%clk 0:08:26]} c4 {[%clk 0:16:54]} 31. Qe4 {[%clk 0:03:57]} 1/2-1/2

[Event "MCR muzu 2023"]
[Site "?"]
[Date "2023.05.13"]
[Round "5.3"]
[White "Kraus, Tomas"]
[Black "Krejci, Jan"]
[Result "1/2-1/2"]
[BlackElo "2517"]
[WhiteElo "2473"]
[LiveChessVersion "1.4.8"]

1. e4 {[%clk 1:30:57]} c5 {[%clk 1:30:57]} 2. Nf3 {[%clk 1:30:25]} e6
{[%clk 1:31:22]} 3. c3 {[%clk 1:29:19]} d5 {[%clk 1:31:47]} 4. exd5
{[%clk 1:29:45]} exd5 {[%clk 1:32:12]} 5. d4 {[%clk 1:30:11]} a6 {[%clk 1:32:39]}
6. Bd3 {[%clk 1:23:39]} c4 {[%clk 1:33:04]} 7. Bc2 {[%clk 1:21:48]} Bd6
{[%clk 1:33:28]} 8. O-O {[%clk 1:20:20]} Ne7 {[%clk 1:33:52]} 9. b3
{[%clk 1:15:15]} cxb3 {[%clk 1:34:16]} 10. axb3 {[%clk 1:15:28]} Nbc6
{[%clk 1:34:39]} 11. Re1 {[%clk 1:09:37]} O-O {[%clk 1:27:54]} 12. Nbd2
{[%clk 1:02:57]} Bf5 {[%clk 1:23:14]} 13. Nf1 {[%clk 0:59:30]} Bxc2
{[%clk 1:16:17]} 14. Qxc2 {[%clk 0:59:56]} Rc8 {[%clk 1:16:30]} 15. Ne3
{[%clk 0:57:22]} Re8 {[%clk 1:06:04]} 16. Bd2 {[%clk 0:52:33]} Qd7
{[%clk 1:03:25]} 17. c4 {[%clk 0:47:42]} Bf4 {[%clk 1:01:56]} 18. Qd3
{[%clk 0:31:01]} Bxe3 {[%clk 0:43:51]} 19. fxe3 {[%clk 0:31:22]} Ng6
{[%clk 0:44:10]} 20. Rac1 {[%clk 0:29:21]} Rcd8 {[%clk 0:42:23]} 21. Qb1
{[%clk 0:21:23]} Qg4 {[%clk 0:38:09]} 22. h3 {[%clk 0:20:23]} Qg3
{[%clk 0:37:53]} 23. Qf5 {[%clk 0:19:32]} h6 {[%clk 0:29:24]} 24. Rf1
{[%clk 0:18:21]} Nce7 {[%clk 0:27:53]} 25. Qd3 {[%clk 0:17:20]} Qd6
{[%clk 0:26:18]} 26. Ba5 {[%clk 0:15:06]} Rd7 {[%clk 0:26:19]} 27. Rfe1
{[%clk 0:13:00]} Nc6 {[%clk 0:26:03]} 28. Bd2 {[%clk 0:13:05]} Qg3
{[%clk 0:22:58]} 29. Qf5 {[%clk 0:13:01]} Red8 {[%clk 0:19:32]} 30. Rf1
{[%clk 0:12:49]} Nce7 {[%clk 0:17:50]} 31. Qd3 {[%clk 0:12:36]} Re8
{[%clk 0:18:02]} 32. Be1 {[%clk 0:12:25]} Qd6 {[%clk 0:18:18]} 33. Bd2
{[%clk 0:11:38]} Qe6 {[%clk 0:18:10]} 34. Rfe1 {[%clk 0:10:20]} f5
{[%clk 0:15:03]} 35. Rf1 {[%clk 0:09:13]} Kh8 {[%clk 0:15:18]} 36. Rf2
{[%clk 0:06:46]} Rc8 {[%clk 0:15:03]} 37. Be1 {[%clk 0:06:11]} Qe4
{[%clk 0:13:27]} 38. Qxe4 {[%clk 0:02:46]} dxe4 {[%clk 0:12:46]} 39. Nd2
{[%clk 0:02:08]} f4 {[%clk 0:11:08]} 40. Re2 {[%clk 0:01:08]} Nf5
{[%clk 0:08:24]} 41. Bf2 {[%clk 0:22:42]} fxe3 {[%clk 0:28:09]} 42. Bxe3
{[%clk 0:23:08]} Nxd4 {[%clk 0:28:24]} 43. Bxd4 {[%clk 0:20:37]} Rxd4
{[%clk 0:28:43]} 44. Nxe4 {[%clk 0:20:44]} Nf4 {[%clk 0:23:42]} 45. Re3
{[%clk 0:20:06]} Rc6 {[%clk 0:22:44]} 46. Rf1 {[%clk 0:18:14]} Rd3
{[%clk 0:20:11]} 1/2-1/2

[Event "MCR muzu 2023"]
[Site "?"]
[Date "2023.05.13"]
[Round "5.4"]
[White "Navara, David"]
[Black "Simacek, Pavel"]
[Result "1-0"]
[BlackElo "2466"]
[WhiteElo "2678"]
[LiveChessVersion "1.4.8"]

1. d4 {[%clk 1:30:58]} d5 {[%clk 1:30:27]} 2. Nf3 {[%clk 1:31:22]} Nf6
{[%clk 1:30:17]} 3. Bf4 {[%clk 1:31:38]} c5 {[%clk 1:26:06]} 4. e3
{[%clk 1:31:51]} cxd4 {[%clk 1:23:44]} 5. exd4 {[%clk 1:32:01]} Nc6
{[%clk 1:24:10]} 6. Nbd2 {[%clk 1:30:59]} Qb6 {[%clk 1:20:08]} 7. Nb3
{[%clk 1:27:51]} Bg4 {[%clk 1:20:32]} 8. a4 {[%clk 1:22:41]} a5 {[%clk 1:15:24]}
9. Bb5 {[%clk 1:12:03]} e6 {[%clk 1:14:45]} 10. h3 {[%clk 1:09:20]} Bh5
{[%clk 1:13:43]} 11. g4 {[%clk 1:02:28]} Bg6 {[%clk 1:14:10]} 12. Ne5
{[%clk 1:02:43]} Ne4 {[%clk 1:14:22]} 13. f3 {[%clk 0:39:37]} Nd6
{[%clk 1:12:44]} 14. Bxc6+ {[%clk 0:40:01]} bxc6 {[%clk 1:13:08]} 15. Qe2
{[%clk 0:40:26]} Qa6 {[%clk 0:50:58]} 16. Qxa6 {[%clk 0:40:26]} Rxa6
{[%clk 0:50:02]} 17. Nc5 {[%clk 0:40:47]} Rb6 {[%clk 0:35:30]} 18. Ned7
{[%clk 0:37:39]} Nc4 {[%clk 0:29:23]} 19. Nxf8 {[%clk 0:29:53]} Rxf8
{[%clk 0:23:31]} 20. b3 {[%clk 0:30:08]} e5 {[%clk 0:23:53]} 21. dxe5
{[%clk 0:30:09]} f6 {[%clk 0:21:52]} 22. bxc4 {[%clk 0:28:33]} Rb4
{[%clk 0:21:47]} 23. Ne6 {[%clk 0:26:42]} Rf7 {[%clk 0:22:10]} 24. exf6
{[%clk 0:21:22]} Rxf6 {[%clk 0:21:22]} 25. cxd5 {[%clk 0:20:59]} Rxe6+
{[%clk 0:20:03]} 26. dxe6 {[%clk 0:21:22]} Rxf4 {[%clk 0:20:29]} 27. Kf2
{[%clk 0:18:54]} Bxc2 {[%clk 0:20:54]} 28. Rhc1 {[%clk 0:17:11]} Bxa4
{[%clk 0:21:17]} 29. Kg3 {[%clk 0:16:58]} Rb4 {[%clk 0:21:42]} 30. Rc5
{[%clk 0:17:17]} 1-0

[Event "MCR muzu 2023"]
[Site "?"]
[Date "2023.05.13"]
[Round "5.5"]
[White "Zwardon, Vojtech"]
[Black "Finek, Vaclav"]
[Result "1-0"]
[BlackElo "2410"]
[WhiteElo "2494"]
[LiveChessVersion "1.4.8"]

1. c4 {[%clk 1:08:59]} e5 {[%clk 1:30:50]} 2. g3 {[%clk 1:09:26]} c6
{[%clk 1:31:14]} 3. Nf3 {[%clk 1:09:53]} e4 {[%clk 1:31:35]} 4. Nd4
{[%clk 1:10:21]} d5 {[%clk 1:31:51]} 5. cxd5 {[%clk 1:10:48]} Qxd5
{[%clk 1:32:14]} 6. e3 {[%clk 1:11:16]} Bc5 {[%clk 1:32:28]} 7. Nc3
{[%clk 1:10:36]} Qe5 {[%clk 1:32:49]} 8. d3 {[%clk 1:06:09]} exd3
{[%clk 1:32:36]} 9. Qxd3 {[%clk 1:05:19]} Nf6 {[%clk 1:32:18]} 10. Bg2
{[%clk 1:04:16]} O-O {[%clk 1:31:16]} 11. O-O {[%clk 1:04:36]} Rd8
{[%clk 1:29:49]} 12. Nf3 {[%clk 1:03:25]} Qe7 {[%clk 1:26:45]} 13. Qc2
{[%clk 1:03:52]} Bg4 {[%clk 1:06:14]} 14. b3 {[%clk 1:02:21]} Nbd7
{[%clk 1:04:49]} 15. Bb2 {[%clk 1:02:32]} Ba3 {[%clk 0:55:06]} 16. Bxa3
{[%clk 1:02:36]} Qxa3 {[%clk 0:55:29]} 17. h3 {[%clk 1:01:21]} Bxf3
{[%clk 0:55:33]} 18. Bxf3 {[%clk 1:01:34]} Nf8 {[%clk 0:50:01]} 19. Rab1
{[%clk 0:58:46]} a5 {[%clk 0:46:00]} 20. Qb2 {[%clk 0:55:27]} Qe7
{[%clk 0:37:40]} 21. Na4 {[%clk 0:48:59]} b5 {[%clk 0:30:14]} 22. Nc3
{[%clk 0:48:32]} Rac8 {[%clk 0:30:32]} 23. Rfd1 {[%clk 0:48:01]} Rxd1+
{[%clk 0:28:22]} 24. Rxd1 {[%clk 0:48:12]} Ne6 {[%clk 0:28:36]} 25. Qc2
{[%clk 0:46:38]} Rc7 {[%clk 0:25:01]} 26. Bg2 {[%clk 0:45:24]} h5
{[%clk 0:23:21]} 27. a4 {[%clk 0:43:51]} Nf8 {[%clk 0:12:47]} 28. Rc1
{[%clk 0:36:14]} Ne6 {[%clk 0:10:17]} 29. h4 {[%clk 0:34:39]} b4 {[%clk 0:07:41]}
30. Nb1 {[%clk 0:29:31]} c5 {[%clk 0:06:45]} 31. Nd2 {[%clk 0:29:46]} Rd7
{[%clk 0:05:23]} 32. Nc4 {[%clk 0:28:59]} Qd8 {[%clk 0:05:26]} 33. Bf3
{[%clk 0:28:51]} g6 {[%clk 0:04:23]} 34. Rd1 {[%clk 0:28:22]} Qc7
{[%clk 0:04:36]} 35. Rxd7 {[%clk 0:19:05]} Nxd7 {[%clk 0:05:02]} 36. Qe4
{[%clk 0:19:27]} Kg7 {[%clk 0:03:01]} 37. Qb7 {[%clk 0:14:14]} Qd8
{[%clk 0:01:39]} 38. Kg2 {[%clk 0:11:24]} Nf6 {[%clk 0:00:35]} 39. Qa7
{[%clk 0:10:48]} Ne8 {[%clk 0:00:36]} 40. Qa8 {[%clk 0:10:07]} Qe7
{[%clk 0:00:32]} 41. Qb8 {[%clk 0:07:42]} g5 {[%clk 0:22:08]} 42. Qe5+
{[%clk 0:38:08]} f6 {[%clk 0:20:33]} 43. Qf5 {[%clk 0:38:18]} Kh6
{[%clk 0:18:36]} 44. Nxa5 {[%clk 0:35:00]} Nd6 {[%clk 0:17:37]} 45. Qd5
{[%clk 0:35:02]} g4 {[%clk 0:14:37]} 46. Be2 {[%clk 0:34:59]} Nf7
{[%clk 0:13:18]} 47. Nc6 {[%clk 0:34:10]} Qe8 {[%clk 0:13:19]} 48. Bc4
{[%clk 0:34:06]} Nc7 {[%clk 0:12:00]} 49. Qxc5 {[%clk 0:33:17]} Qe4+
{[%clk 0:11:59]} 50. Kg1 {[%clk 0:32:44]} Ne6 {[%clk 0:07:36]} 51. Qe7
{[%clk 0:29:53]} Qb1+ {[%clk 0:07:30]} 52. Bf1 {[%clk 0:30:21]} 1-0